شعر الشكوى الاقتصادية في صدر الاسلام و العصر الاموي /
Saved in:
| 主要作者: | |
|---|---|
| 其他作者: | |
| 格式: | Thesis |
| 語言: | Arabic |
| 出版: |
Yarmuk, Jordan :
Jami'at al-Yarmuk,
2003.
|
| 主題: | |
| 標簽: |
添加標簽
沒有標簽, 成為第一個標記此記錄!
|
| LEADER | 018970000a22003730004500 | ||
|---|---|---|---|
| 001 | 488969 | ||
| 005 | 20230517202730.0 | ||
| 008 | 2003 s ara | ||
| 040 | |a UIAM |b eng | ||
| 041 | |a ara | ||
| 050 | |a PJ7542.E34 | ||
| 100 | 1 | |a أخوازهية, رائدة محمود |9 116965 | |
| 242 | 1 | 0 | |a Shi'r al-shakwa al-iqtisadiyah fi sadr al-Islam wa al-'asr al-'Umawi |
| 245 | 1 | 0 | |a شعر الشكوى الاقتصادية في صدر الاسلام و العصر الاموي / |c اعداد رائدة محمود أخوازهية, اشراف عفيف عبد الرحمن |
| 260 | |a Yarmuk, Jordan : |b Jami'at al-Yarmuk, |c 2003. | ||
| 300 | |a 289 leaves; |c 30 cm. | ||
| 336 | |2 rdacontent | ||
| 337 | |2 rdamedia | ||
| 338 | |2 rdacarrier | ||
| 500 | |a “Quddimat hadhihi al-risalah li-istikmalan li-mutatallibat al-husul 'ala darajat al-Dukturah fi al-lughah al-'Arabiyah wa adabuha-takhassus al-adab wa al-naqd -Jami'at al-Yarmuk-Irbid.”—On t. p. | ||
| 500 | |a Abstract in English. | ||
| 502 | |a Thesis (Ph. D.)--Jami'at al-Yarmuk, 2003. | ||
| 504 | |a Includes bibliographical references (leaves 274-289). | ||
| 650 | |a Economics in literature |9 98890 | ||
| 650 | |a Arabic poetry |x History and criticism |y 622-750 |9 90635 | ||
| 651 | |a Islamic Empire |x Economic conditions |9 40161 | ||
| 655 | |a Theses, Facsimile edition (Islamic). | ||
| 700 | |a Akhwazihiyah, Ra'idah Mahmud |9 467277 | ||
| 710 | |a Jami'at al-Yarmuk. |b Kulliyat al-Adab. Qism al-Lughah al-'Arabiyah wa Adabiha |9 112032 | ||
| 710 | |a جامعة اليرموك. |b كلية الآداب. قسم اللغة العربية وآدابها |9 112033 | ||
| 900 | |a Pts sere-ami | ||
| 942 | |2 lcc |n 0 | ||
| 999 | |c 311885 |d 348809 | ||
| 952 | |0 0 |1 0 |4 0 |6 TI PJ 7542 E34 A315S 2003 |7 0 |8 THESES |9 502378 |a IIUM |b IIUM |c MULTIMEDIA |g 390.00 |l 0 |o ti PJ 7542 E34 A315S 2003 |p 00011170979 |r 2017-10-23 |t 1 |v 390.00 |y THESIS | ||
